书目信息 |
| 题名: |
家庭实用面点任你选
|
|
| 作者: | 吴杰 主编 ;夏玲 , 吴昊天 编著 | |
| 分册: | ||
| 出版信息: | 北京 金盾出版社 2010 |
|
| 页数: | 90页 | |
| 开本: | 19x20cm | |
| 丛书名: | ||
| 单 册: | ||
| 中图分类: | TS972.132 , TS972.116 , TS972.132 | |
| 科图分类: | ||
| 主题词: | 面食--制作 , 面食--食谱--中国 | |
| 电子资源: | ||
| ISBN: | 978-7-5082-6576-6 | |
| 000 | 00983nam0 2200289 450 | |
| 001 | 2373356213 | |
| 005 | 20231209202254.91 | |
| 010 | @a978-7-5082-6576-6@dCNY18.00 | |
| 100 | @a20110222d2010 em y0chiy50 ea | |
| 101 | 0 | @achi |
| 102 | @aCN@b110000 | |
| 105 | @aa z 000yy | |
| 200 | 1 | @a家庭实用面点任你选@Ajia ting shi yong mian dian ren ni xuan@f主编吴杰@g编著夏玲 ... [等]@g摄影吴昊天 |
| 210 | @a北京@c金盾出版社@d2010 | |
| 215 | @a90页@c图@d19x20cm | |
| 304 | @a题名页题: 编著夏玲, 吴昊天, 刘捷, 刘思含, 王淑芳等 | |
| 330 | @a本书精选90款深受大众欢迎又宜于家庭制作的美味面点: 包子、饺子、馄饨、烧卖、馒头、饼、面条、糕、其他。图文并茂, 易懂好学。 | |
| 606 | 0 | @a面食@x制作 |
| 606 | 0 | @a面食@x食谱@y中国 |
| 690 | @aTS972.132@v5 | |
| 690 | @aTS972.116@v5 | |
| 690 | @aTS972.132@v5 | |
| 701 | 0 | @a吴杰@Awu jie@4主编 |
| 702 | 0 | @a夏玲@Axia ling@4编著 |
| 702 | 0 | @a吴昊天@Awu hao tian@4编著 |
| 801 | 0 | @aCN@b湖北三新@c20110224 |
| 905 | @aZUCC@dTS972.132@e13 | |
| 家庭实用面点任你选/主编吴杰/编著夏玲 ... [等]/摄影吴昊天.-北京:金盾出版社,2010 |
| 90页:图;19x20cm |
| ISBN 978-7-5082-6576-6:CNY18.00 |
| 本书精选90款深受大众欢迎又宜于家庭制作的美味面点: 包子、饺子、馄饨、烧卖、馒头、饼、面条、糕、其他。图文并茂, 易懂好学。 |
| ● |
| 相关链接 |
|
|
|
正题名:家庭实用面点任你选
索取号:TS972.132/13
 
预约/预借
| 序号 | 登录号 | 条形码 | 馆藏地/架位号 | 状态 | 备注 |
| 1 | 2001386895 | 2001386895 | 617书库/ [索取号:TS972.132/13] | 在馆 | |
| 2 | 2001386896 | 2001386896 | 617书库/ [索取号:TS972.132/13] | 在馆 | |
| 3 | 2001386897 | 2001386897 | 617书库/ [索取号:TS972.132/13] | 在馆 | |
| 4 | 2001386898 | 2001386898 | 617书库/ [索取号:TS972.132/13] | 在馆 | |
| 5 | 2001386899 | 2001386899 | 617书库/ [索取号:TS972.132/13] | 在馆 | |
| 6 | 2001386900 | 2001386900 | 617书库/ [索取号:TS972.132/13] | 在馆 | |
| 7 | 2001386901 | 2001386901 | 617书库/ [索取号:TS972.132/13] | 在馆 | |
| 8 | 2001386902 | 2001386902 | 617书库/ [索取号:TS972.132/13] | 在馆 | |
| 9 | 2001386903 | 2001386903 | 617书库/ [索取号:TS972.132/13] | 在馆 | |
| 10 | 2001386904 | 2001386904 | 617书库/ [索取号:TS972.132/13] | 在馆 | |
| 11 | 2001386905 | 2001386905 | 617书库/ [索取号:TS972.132/13] | 在馆 | |
| 12 | 2001386906 | 2001386906 | 617书库/ [索取号:TS972.132/13] | 在馆 | |
| 13 | 2001386907 | 2001386907 | 617书库/ [索取号:TS972.132/13] | 在馆 | |
| 14 | 2001386908 | 2001386908 | 617书库/ [索取号:TS972.132/13] | 在馆 | |
| 15 | 2001386909 | 2001386909 | 617书库/ [索取号:TS972.132/13] | 在馆 | |
| 16 | 2001386910 | 2001386910 | 617书库/ [索取号:TS972.132/13] | 在馆 | |
| 17 | 2001386911 | 2001386911 | 617书库/ [索取号:TS972.132/13] | 在馆 | |
| 18 | 2001386912 | 2001386912 | 617书库/ [索取号:TS972.132/13] | 在馆 | |
| 19 | 2001386913 | 2001386913 | 617书库/ [索取号:TS972.132/13] | 在馆 | |
| 20 | 2001386914 | 2001386914 | 617书库/ [索取号:TS972.132/13] | 在馆 | |
| 21 | 2001386915 | 2001386915 | 617书库/ [索取号:TS972.132/13] | 在馆 | |
| 22 | 2001386916 | 2001386916 | 617书库/ [索取号:TS972.132/13] | 在馆 | |
| 23 | 2001386917 | 2001386917 | 617书库/ [索取号:TS972.132/13] | 在馆 | |
| 24 | 2001386918 | 2001386918 | 617书库/ [索取号:TS972.132/13] | 在馆 | |
| 25 | 2001386919 | 2001386919 | 617书库/ [索取号:TS972.132/13] | 在馆 | |
| 26 | 2001386920 | 2001386920 | 617书库/ [索取号:TS972.132/13] | 在馆 | |
| 27 | 2001386921 | 2001386921 | 617书库/ [索取号:TS972.132/13] | 在馆 | |
| 28 | 2001386922 | 2001386922 | 617书库/ [索取号:TS972.132/13] | 在馆 | |
| 29 | 2001386923 | 2001386923 | 617书库/ [索取号:TS972.132/13] | 在馆 | |
| 30 | 2001386924 | 2001386924 | 617书库/ [索取号:TS972.132/13] | 在馆 |